000
00196 a2200097 4500
020
_a
9780735821040
041
_a
spa
100
_a
Chisato Tashiro
245
_a
Los clores del camaleon
942
_c
BK
999
_c
11442
_d
11442